98 sorts dans Harry Potter - Statistiques

Statistiques générales
  • Ce quiz a été pris 88 fois
  • Le résultat moyen est 18 sur 98
Statistiques - réponses
Hint Réponse % Correct
8 Avada Kedavra
90%
50 Lumos
78%
24 Endoloris
73%
86 Wingardium Leviosa
70%
39 Impero
63%
82 Stupefix
59%
1 Accio
56%
3 Alohomora
55%
60 Petrificus Totalus
51%
54 Nox
45%
71 Reparo
45%
43 Incendio
42%
65 Protego
40%
81 Spero Patronum
40%
90 Bombarda
36%
75 Riddikulus
36%
58 Oubliettes
34%
70 Reducto
33%
46 Levicorpus
30%
2 Aguamenti
29%
20 Diffindo
27%
77 Serpensortia
25%
91 Arresto momentum
23%
12 Confringo
23%
32 Finite Incantatem
23%
48 Locomotor
23%
56 Oppugno
23%
4 Amplificatum
22%
27 Episkey
21%
29 Expulso
21%
44 Lashlabask
21%
7 Assurdiato
18%
38 Impedimenta
18%
78 Silencio
18%
9 Avis
16%
88 Evanesco
16%
42 Incarcerem
16%
68 Recurvite
16%
79 Sonorus
16%
11 Collaporta
15%
15 Crache-limaces
15%
10 Bloclang
14%
22 Duro
14%
45 Legilimens
14%
21 Dissendium
12%
25 Enervatum
12%
28 Experlliarmus
12%
35 Gemino
12%
36 Glisseo
12%
47 Liberacorpus
12%
51 Mobili
12%
52 Morsmordre
12%
72 Repello Moldum
12%
89 Arania Exumai
11%
30 Failamalle
11%
57 Orchideus
11%
62 Portus
11%
13 Confundo
10%
53 Mutinlutin malinpesti
10%
76 Salveo Maleficia
10%
5 Anapneo
8%
14 Cracbadaboum
8%
17 Dentesaugmento
8%
18 Descendo
8%
34 Furunculus
8%
55 Obscuro
8%
74 Rictumsempra
8%
80 Sourdinam
8%
84 Tergeo
8%
96 Cistem Aperio
7%
16 Defodio
7%
33 Flambios
7%
40 Impervius
7%
61 Pointe au nord
7%
63 Priori Incantatum
7%
69 Reducio
7%
73 Revigor
7%
83 Tarentallegra
7%
93 Brachium emendo
5%
94 Cave Inimicum
5%
26 Engorgio
5%
31 Ferula
5%
6 Aparecium
4%
64 Prior Incantato
4%
19 Destructum
3%
23 Elasticus
3%
37 Homenum revelio
3%
41 Inanimatus Apparitus
3%
66 Protego horribillis
3%
92 Brachialigo
1%
95 Capacious Extremis
1%
87 Croque cheville
1%
97 Deprimo
1%
98 Emancipare
1%
49 Locomotor motris
1%
59 Ouvre-portes
1%
67 Protego Totalum
1%
85 Waddiasi
1%
Aucun quiz correspondant
Distribution des résultats
% des personnes avec chaque résultat
Percentile par nombre de réponses
Votre historique - résultats
Vous n’avez pas pris ce quiz